Honkai : Star Rail - Trouvez les personnages 5 étoiles (mort subite) - Statistiques

Statistiques générales
  • Ce quiz a été pris 257 fois
    22 depuis la dernière actualisation
  • Le résultat moyen est 23 sur 62
Answers on the Grid
Answers color-coded by a green-red scale on the quiz's grid according to % correct below.
Acheron
Aglaea
Anaxa
Archer
Argenti
Arlan
Ashveil
Asta
Aventurine
Bailu
Black Swan
Blade
Boothill
Bronya
Castorice
Cerydra
Cipher
Clara
Cyrene
Dan Heng
Dan Heng • Imbibitor Lunae
Dan Heng • Permansor Terrae
Dr. Ratio
Evanescia
Evernight
Feixiao
Firefly
Fu Xuan
Fugue
Gallagher
Gepard
Guinaifen
Hanya
Herta
Himeko
Himeko • Nova
Hook
Huohuo
Hyacine
Hysilens
Jade
Jiaoqiu
Jing Yuan
Jingliu
Kafka
Lingsha
Luka
Luocha
Lynx
March 7th (préservation)
March 7th (chasse)
Misha
Mortenax Blade
Moze
Mydei
Natasha
Phainon
Pela
Qingque
Rappa
Rin Tohsaka
Robin
Ruan Mei
Saber
Sampo
Seele
Serval
Silver Wolf
Silver Wolf LV.999
Sparkle
Sparxie
Sunday
Sushang
The Dahlia
The Herta
Tingyun
Topaz
Pionnier/pionnière
Tribbie
Welt
Xueyi
Yanqing
Yao Guang
Yukong
Yunli
 
Statistiques - réponses
Réponse % Correct
Argenti
75%
Aventurine
75%
Evanescia
75%
Jing Yuan
75%
Acheron
50%
Archer
50%
Black Swan
50%
Boothill
50%
Bronya
50%
Cipher
50%
Cyrene
50%
Gepard
50%
Himeko
50%
Huohuo
50%
Hyacine
50%
Hysilens
50%
Jingliu
50%
Kafka
50%
Mortenax Blade
50%
Mydei
50%
Phainon
50%
Pionnier/pionnière
50%
Rappa
50%
Rin Tohsaka
50%
Robin
50%
Saber
50%
Silver Wolf LV.999
50%
Sparkle
50%
Sparxie
50%
Sunday
50%
The Dahlia
50%
Yanqing
50%
Aglaea
25%
Anaxa
25%
Ashveil
25%
Blade
25%
Castorice
25%
Cerydra
25%
Clara
25%
Dan Heng • Imbibitor Lunae
25%
Dan Heng • Permansor Terrae
25%
Dr. Ratio
25%
Evernight
25%
Fugue
25%
Fu Xuan
25%
Himeko • Nova
25%
Jade
25%
Jiaoqiu
25%
Lingsha
25%
Luocha
25%
Ruan Mei
25%
Seele
25%
Silver Wolf
25%
The Herta
25%
Topaz
25%
Welt
25%
Yao Guang
25%
Bailu
0%
Feixiao
0%
Firefly
0%
Tribbie
0%
Yunli
0%
Aucun quiz correspondant
Distribution des résultats
% des personnes avec chaque résultat
Percentile par nombre de réponses
Votre historique - résultats
Vous n’avez pas pris ce quiz depuis la dernière actualisation